Biblioteki Polonii Amerykańskiej
Biblioteka Instytutu Józefa Piłsudskiego w Ameryce
Library of the Józef Piłsudski Institute of America
Biblioteka imienia Alfreda Jurzykowskiego Polskiego Instytutu Naukowego w Ameryce
The Alfred Jurzykowski Memorial Library of the Polish Institute of Arts & Sciences of America
Biblioteka Marjanczyków Polskiej Fundacji Kulturalnej
The Marjanczyk Library of the Polish Cultural Foundation

Biblioteka Fundacji Kościuszkowskiej
Library of the Kosciuszko Foundation

Samobójstwo Europy : (Record no. 91078)

MARC details
000 -LEADER
fixed length control field 02049nam a2200589 i 4500
001 - CONTROL NUMBER
control field 9910314106305606
003 - CONTROL NUMBER IDENTIFIER
control field NyNyJPI
005 - DATE AND TIME OF LATEST TRANSACTION
control field 20260408154650.0
008 - FIXED-LENGTH DATA ELEMENTS--GENERAL INFORMATION
fixed length control field 140221s2014 pl bchog |001 0 pol
009 - PHYSICAL DESCRIPTION FIXED-FIELD FOR ARCHIVAL COLLECTION (VM) [OBSOLETE]
fixed length control field b0000003020997
015 ## - NATIONAL BIBLIOGRAPHY NUMBER
National bibliography number UWD 2014/8551
020 ## - INTERNATIONAL STANDARD BOOK NUMBER
International Standard Book Number 9788308053034
Qualifying information (oprawa twarda) :
Terms of availability zł 59,90
020 ## - INTERNATIONAL STANDARD BOOK NUMBER
International Standard Book Number 9788308080498
Qualifying information (oprawa twarda) :
Terms of availability zł 89,90
020 ## - INTERNATIONAL STANDARD BOOK NUMBER
International Standard Book Number 9788308085295
Qualifying information (oprawa twarda) :
Terms of availability zł 99,90
035 ## - SYSTEM CONTROL NUMBER
System control number 991021565699705066
035 ## - SYSTEM CONTROL NUMBER
System control number (PL-WaBN)b30209973-48omnis_nlop
035 ## - SYSTEM CONTROL NUMBER
System control number b30209973
035 ## - SYSTEM CONTROL NUMBER
System control number (OCoLC)871702563
035 ## - SYSTEM CONTROL NUMBER
System control number xx003017731
035 ## - SYSTEM CONTROL NUMBER
System control number xx003427215
035 ## - SYSTEM CONTROL NUMBER
System control number (PL)b0000003020997
040 ## - CATALOGING SOURCE
Original cataloging agency WA N
Transcribing agency WA N
Modifying agency OLSZT W
-- WA M
-- WA N
041 0# - LANGUAGE CODE
Language code of text/sound track or separate title pol
045 2# - TIME PERIOD OF CONTENT
Formatted 9999 B.C. through C.E. time period d1914
-- d1918
046 ## - SPECIAL CODED DATES
Beginning or single date created 2014
080 ## - UNIVERSAL DECIMAL CLASSIFICATION NUMBER
Universal Decimal Classification number 94(100)"1914/1918"
084 ## - OTHER CLASSIFICATION NUMBER
Classification number 02
100 1# - MAIN ENTRY--PERSONAL NAME
Personal name Chwalba, Andrzej
Dates associated with a name (1949- )
Relator term Autor
245 10 - TITLE STATEMENT
Title Samobójstwo Europy :
Remainder of title Wielka Wojna 1914-1918 /
Statement of responsibility, etc. Andrzej Chwalba.
246 30 - VARYING FORM OF TITLE
Title proper/short title Wielka Wojna 1914-1918
250 ## - EDITION STATEMENT
Edition statement Wydanie pierwsze.
260 ## - PUBLICATION, DISTRIBUTION, ETC.
Place of publication, distribution, etc. Kraków :
Name of publisher, distributor, etc. Wydawnictwo Literackie,
Date of publication, distribution, etc. 2014.
300 ## - PHYSICAL DESCRIPTION
Extent 645, [2] strony :
Other physical details faksymilia, fotografie, mapy, portrety ;
Dimensions 25 cm.
336 ## - CONTENT TYPE
Content type term Tekst
Content type code txt
Source rdacontent
337 ## - MEDIA TYPE
Media type term Bez urządzenia pośredniczącego
Media type code n
Source rdamedia
338 ## - CARRIER TYPE
Carrier type term Wolumin
Carrier type code nc
Source rdacarrier
380 ## - FORM OF WORK
Form of work Książki
380 ## - FORM OF WORK
Form of work Publikacje popularnonaukowe
386 ## - CREATOR/CONTRIBUTOR CHARACTERISTICS
Demographic group term Przynależność kulturowa
Creator/contributor term Literatura polska
388 1# - TIME PERIOD OF CREATION
Time period of creation term 2001-
500 ## - GENERAL NOTE
General note W obrębie wydania dodruk w roku: 2015, 2017, 2021, 2023, 2024. W obrębie wydania nakłady z różnymi ISBN-ami. W obrębie wydania nakłady z różnymi cenami.
504 ## - BIBLIOGRAPHY, ETC. NOTE
Bibliography, etc. note Bibliografia na stronach 629-631. Indeks.
530 ## - ADDITIONAL PHYSICAL FORM AVAILABLE NOTE
Additional physical form available note Książka dostępna także jako e-book.
648 #7 - SUBJECT ADDED ENTRY--CHRONOLOGICAL TERM
Chronological term 1901-2000
Source of heading or term DBN
648 #7 - SUBJECT ADDED ENTRY--CHRONOLOGICAL TERM
Chronological term 1914-1918
Source of heading or term DBN
650 #7 - SUBJECT ADDED ENTRY--TOPICAL TERM
Topical term or geographic name entry element I wojna światowa (1914-1918)
Source of heading or term DBN
650 #0 - SUBJECT ADDED ENTRY--TOPICAL TERM
Topical term or geographic name entry element World War, 1914-1918
655 #7 - INDEX TERM--GENRE/FORM
Genre/form data or focus term Opracowanie
Source of term DBN
658 ## - INDEX TERM--CURRICULUM OBJECTIVE
Main curriculum objective Historia
710 2# - ADDED ENTRY--CORPORATE NAME
Corporate name or jurisdiction name as entry element Wydawnictwo Literackie
Relator term Wydawca
Relationship pbl
942 ## - ADDED ENTRY ELEMENTS (KOHA)
Source of classification or shelving scheme Other/Generic Classification Scheme
Koha item type Books
Suppress in OPAC No
Holdings
Withdrawn status Lost status Source of classification or shelving scheme Damaged status Not for loan Home library Current library Date acquired Total checkouts Full call number Date last seen Price effective from Koha item type
    Other/Generic Classification Scheme   Not for loan Józef Piłsudski Institute Józef Piłsudski Institute 04/08/2026   K 1816 04/08/2026 04/08/2026 Books